000 00886nam a2200253 i 4500
003 DO-SdBNP
005 20230417112630.0
006 a||||fr|||| 00| 0
007 ta
008 230417e2022 dr ||||frfg|| 001 edspa d
020 _a9993423343
040 _aDO-SdBNP
_bspa
_cBNPHU
082 4 _222
_bR789m
100 1 _964863
_aRosario, Juan Manuel,
_d1960-
245 1 0 _aManual de procedimiento jurídico para los extranjeros vivir e invertir en la República Dominicana:
_b(elementos de Derecho Internacional Privado. /
264 1 0 _a[Santo Domingo] :
_bBanco Intercontinental,
_c2002
300 _a303 páginas ;
_c22 cm.
336 _2rdaconten
_atexto
_btxt
337 _2rdamedia
_asin mediación
_bn
338 _2rdacarrier
_avolumen
_bnc
500 _aIncluye datos biográficos del autor en la solapas de las cubiertas
590 _aInventariado 2023 / MF
942 _2ddc
_cLBS1
999 _c53279
_d53279